[Event "COL-ch U10 Girls"]
[Site "Albania"]
[Date "2012.07.01"]
[Round "8.3"]
[White "Beltran Cervantes, Carolina"]
[Black "Saltaren Sandoval, Camila"]
[Result "1-0"]
[WhiteElo "1336"]
[BlackElo "1219"]
[PlyCount "51"]
[EventDate "2012.06.27"]
[EventType "tourn"]
[EventRounds "9"]
[EventCountry "COL"]
[SourceTitle "EXT 2024"]
[Source "ChessBase"]
[SourceDate "2023.10.10"]
[SourceVersion "1"]
[SourceVersionDate "2023.10.10"]
[SourceQuality "1"]

1. e4 e5 2. Bc4 Bc5 3. Nf3 Nc6 4. 0-0 Nf6 5. Nc3 0-0 6. d3 d6 7. Bg5 Bg4 8. Nd5 Nd4 9. Bxf6 gxf6 10. Ne7+ Qxe7 11. c3 Nxf3+ 12. gxf3 Bh3 13. Re1 c6 14. d4 exd4 15. f4 dxc3 16. Qf3 Bd7 17. f5 cxb2 18. Rab1 Rfe8 19. Qg3+ Kh8 20. Qh4 Rg8+ 21. Kf1 b5 22. Rxb2 bxc4 23. Rbe2 Bb4 24. Re3 Bxe1 25. Rh3 Raf8 26. Qxh7# 1-0

[Event "COL-ch U10 Girls"]
[Site "Albania"]
[Date "2012.07.01"]
[Round "7.3"]
[White "Jaimes Velasquez, Maria Alejandr"]
[Black "Beltran Cervantes, Carolina"]
[Result "1-0"]
[WhiteElo "1525"]
[BlackElo "1336"]
[PlyCount "24"]
[EventDate "2012.06.27"]
[EventType "tourn"]
[EventRounds "9"]
[EventCountry "COL"]
[SourceTitle "EXT 2024"]
[Source "ChessBase"]
[SourceDate "2023.10.10"]
[SourceVersion "1"]
[SourceVersionDate "2023.10.10"]
[SourceQuality "1"]

1. e4 e5 2. Nf3 Nc6 3. d4 Nxd4 4. Nxd4 exd4 5. Qxd4 Be7 6. Qxg7 Bf6 7. Qg3 Ne7 8. Bc4 Ng6 9. Nc3 0-0 10. Bh6 Bh4 11. Qf3 Qe8 12. Bxf8 Qxf8 1-0

[Event "COL-ch U10 Girls"]
[Site "Albania"]
[Date "2012.06.30"]
[Round "6.4"]
[White "Beltran Cervantes, Carolina"]
[Black "Garrido Rios, Laura Vanessa"]
[Result "1-0"]
[WhiteElo "1336"]
[BlackElo "1200"]
[PlyCount "33"]
[EventDate "2012.06.27"]
[EventType "tourn"]
[EventRounds "9"]
[EventCountry "COL"]
[SourceTitle "EXT 2024"]
[Source "ChessBase"]
[SourceDate "2023.10.10"]
[SourceVersion "1"]
[SourceVersionDate "2023.10.10"]
[SourceQuality "1"]

1. e4 e5 2. Bc4 Bc5 3. Nf3 Nc6 4. Nc3 Nf6 5. 0-0 0-0 6. d3 d6 7. Bg5 Bg4 8. Nd5 Na5 9. Bxf6 Bxf3 10. Qxf3 Qxf6 11. Nxf6+ gxf6 12. d4 Bxd4 13. Be2 Rae8 14. Qh3 Kh8 15. Bg4 Rg8 16. Bf5 Nc6 17. Qxh7# 1-0

[Event "COL-ch U10 Girls"]
[Site "Albania"]
[Date "2012.06.28"]
[Round "3.1"]
[White "Beltran Cervantes, Carolina"]
[Black "Jurado, Yirlei Katherine"]
[Result "0-1"]
[WhiteElo "1336"]
[BlackElo "1366"]
[PlyCount "54"]
[EventDate "2012.06.27"]
[EventType "tourn"]
[EventRounds "9"]
[EventCountry "COL"]
[SourceTitle "EXT 2024"]
[Source "ChessBase"]
[SourceDate "2023.10.10"]
[SourceVersion "1"]
[SourceVersionDate "2023.10.10"]
[SourceQuality "1"]

1. e4 d5 2. Nc3 dxe4 3. Nxe4 Qd5 4. Nc3 Qa5 5. Bc4 Nc6 6. Nf3 Bg4 7. 0-0 Qh5 8. Bd5 Nf6 9. Bc4 Ne5 10. Be2 Nxf3+ 11. Bxf3 e6 12. d3 Bd6 13. Re1 Qxh2+ 14. Kf1 Qh1+ 15. Ke2 Bxf3+ 16. gxf3 Qg2 17. Rg1 Qh2 18. Rh1 Qe5+ 19. Be3 Nh5 20. f4 Nxf4+ 21. Ke1 Ng2+ 22. Kd2 Nxe3 23. Qe1 Bc5 24. Rg1 0-0-0 25. d4 Rxd4+ 26. Ke2 Ng2+ 27. Kf1 Nxe1 0-1

[Event "COL-ch U10 Girls"]
[Site "Albania"]
[Date "2012.06.27"]
[Round "1.2"]
[White "Beltran Cervantes, Carolina"]
[Black "Nacimento Mora, Karla Daniela"]
[Result "1-0"]
[WhiteElo "1336"]
[BlackElo "1243"]
[PlyCount "53"]
[EventDate "2012.06.27"]
[EventType "tourn"]
[EventRounds "9"]
[EventCountry "COL"]
[SourceTitle "EXT 2024"]
[Source "ChessBase"]
[SourceDate "2023.10.10"]
[SourceVersion "1"]
[SourceVersionDate "2023.10.10"]
[SourceQuality "1"]

1. e4 e5 2. Bc4 Nc6 3. Nc3 Bc5 4. Nf3 Nf6 5. 0-0 0-0 6. d3 Nd4 7. Bg5 b6 8. h3 Bb7 9. Bh4 a6 10. a3 b5 11. Ba2 a5 12. Rb1 b4 13. Na4 Ba7 14. c3 Nb5 15. Bc4 Ba6 16. axb4 axb4 17. cxb4 Qe8 18. Bxb5 Bxb5 19. Nc3 Ba6 20. Ra1 d5 21. Qc1 dxe4 22. dxe4 Nd7 23. Qg5 Bxf1 24. Qg4 Bd3 25. Ng5 Qb8 26. Qh5 Qb6 27. Qxh7# 1-0